Music Quiz

Random Music or Country Quiz

Country Song Clips Quiz Stats

 Plays Quiz not verified by Sporcle

Challenge
Share
Tweet
Score 0/33 Timer 10:00
0 Plays Today
Time Song % Correct
0:16-0:22I Love This Bar
83.6%
0:10-0:16XXX's and OOO's (An American Girl)
79.6%
3:01-3:08Ring of Fire
73.5%
0:33-0:38She Thinks My Tractor's Sexy
70.4%
0:05-0:09Red Dirt Road
69.2%
1:04-1:11Good Directions
65.2%
0:00-0:04Chattahoochee
64.8%
2:51-3:01Boondocks
60.2%
2:43-2:51Check Yes or No
59.5%
0:52-0:57Dust on the Bottle
57.8%
1:42-1:48You're Still The One
57.8%
3:32-3:37Mud on the Tires
57.4%
0:27-0:33Mayberry
55.7%
2:06-2:11This One's For the Girls
54.5%
3:15-3:21Redneck Yacht Club
53%
2:19-2:25My Town
49%
3:08-3:15Rodeo
47.8%
Time Song % Correct
0:22-0:27In a Hurry
47.5%
3:21-3:26All I Want to Do
45.8%
0:38-0:46Bye Bye
42.8%
2:11-2:19Ol' Red
41.9%
1:29-1:35Watermelon Crawl
39.2%
1:55-2:06Somebody Like You
36.5%
1:16-1:21The Night the Lights Went Out in Georgia
36.2%
1:48-1:55Here's a Quarter (Call Someone Who Cares)
33.3%
1:21-1:29Family Tradition
31.5%
2:35-2:43Sweet Southern Comfort
29%
1:11-1:16John Deere Green
25.1%
0:46-0:52Much Too Young (To Feel This Damn Old)
24.8%
0:57-1:04Deeper Than the Holler
23.5%
2:25-2:35Where I'm From
20.1%
3:26-3:32Riding With Private Malone
18.6%
1:35-1:42Little Rock
18.3%

You're not logged in!

Compare scores with friends on all Sporcle quizzes.
Join for Free
OR
Log In

You Might Also Like...

Show Comments

Extras

Top Quizzes Today


Score Distribution

Your Account Isn't Verified!

In order to create a playlist on Sporcle, you need to verify the email address you used during registration. Go to your Sporcle Settings to finish the process.

Report this User

Report this user for behavior that violates our Community Guidelines.

Details: